000 00481nam a2200181Ia 4500
001 8580
008 140325s9999 xx 000 0 und d
020 _a0-06-250753-2
040 _cPK-LaUMT
082 _a 658.408
_bSAU-B
100 _aMcGovern, Loretta, J.A.
245 4 _aThe bottom line of green is black : Strategis for creating p
_cMcGovern, Loretta, J.A.<>Saunders, Tedd
260 _c1993
300 _a282 p.
546 _aEN
700 _aSaunders, Tedd
942 _cBK
999 _c9880
_d9880